000 00417nam a2200181Ia 4500
003 OSt
005 20220826142500.0
008 210210b1928 xxu||||| |||| 00| 0 eng d
040 _cAL
041 _aeng
082 _a825/671
100 _aPRIESTLEY (J B)
_955629
245 _aEnglish comic characters
260 _aLondon
_b-
_c1928
690 _aEnglish Criticism
_955630
906 _a014987
942 _2ddc
_cBK
999 _c134217
_d134217